000 01111nam a2200229Ia 4500
003 Ost
005 20260507075746.0
008 260507s9999||||xx |||||||||||||| ||und||
020 _a4041209961
040 _cfsecg
041 _aara
082 _a330
100 _aشرابي، عبد العزيز
_eمؤلف
245 0 _aالرياضيات الإقتصادية :
_bالمصفوفات /
_c عبد العزيز شرابي
250 _aطبعة 3
260 _aالجزائر:
_bديوان المطبوعات الجامعية,
_c1999
300 _a157 صفحة؛
_bإيضاحات ؛
_c27 سم
520 _aمفهوم المصفوفة وبعض أنواعها- عمليات جبرية على المصفوفات- المحددات- مقلوب المصفوفة- اشتقاق وتكامل المصفوفات- الإرتباط والإستقلال الخطي للمصفوفات- رتبة المصفوفة- جملة المعادلات الخطية- جداول المدخلات- المخرجات- تحليل الإنحدار.
653 _aالإقتصاد
653 _aالرياضيات
942 _cكتاب
999 _c46188
_d46188